Statistics for Female First Name Etymology

Click here to take the quiz!

General Stats

  • This quiz has been taken 442 times
  • The average score is 8 of 14

Answer Stats

MeaningLanguage of originWell-known bearersAnswer% Correct
My God is an oathGreek (from Hebrew)The Virgin QueenElizabeth
80%
White IslandOld EnglishSinger of "I Will Always Love You"Whitney
79%
Gift of GodEnglishShe said "We're not in Kansas anymore"Dorothy
76%
GloryLatinFamous American feministGloria
70%
Whole, universalEnglish (from a Germanic dialect)Titular Jane Austen protagonistEmma
63%
CrownGreekInfamous Twilight authorStephanie
58%
Sorrows, painsSpanishMuch-hated Harry Potter villainDolores
55%
Princess, noblewomanHebrewConsidered the matriarch of the Jewish peopleSarah
54%
IrelandAnglicized GaelicMain character of a 2000 biopic, played by Julia RobertsErin
52%
ChristmasRussianBlack WidowNatasha
47%
LovableLatinActress who played Karen in Mean GirlsAmanda
40%
PearlLatin (from Greek)Author of Gone with the WindMargaret
38%
Who is like God?FrenchTitle of a 1965 Beatles songMichelle
31%
Tie, snareHebrewWife of one of the Old Testament patriarchsRebecca
31%

Score Distribution

Percentile by Number Answered

Percent of People with Each Score

Your Score History

You have not taken this quiz